00207nam a2200073Ia 4500008004100000245003900041260004400080260000900124170620s9999 xx 000 0 und d 0aAnxiety - A Journey from Upnishads bMeerut- Dynamic Publications India Ltd. c2000